000
00327nam a2200133Ia 4500
005
20251222141912.0
008
251222s9999||||xx |||||||||||||| ||spa||
082
_a
985.26/D45
100
_a
Degregori, Carlos Iván
245
0
_a
Conquistadores de un Nuevo Mundo
250
_a
1ra. ed.
264
_b
IEP ediciones
942
_c
LIB
999
_c
8414
_d
8414